000 00839cam1a220021700 4500
001 qce00220766
005 20190813163821.0
008 660808s1966 paua 000 0 eng d
035 _a(Sirsi) r88228
060 0 _aRC 347 GAT 1966
100 1 _aManter, John Tinkham, 1910-
_dManter, John Tinkham, 1910-
_6A47646.1
245 1 0 _aEssentials of clinical neuroanatomy and neurophysiology :
_b[Rev. by] Arthur J. Gatz.
250 _a3rd ed.
260 _aPhiladelphia :
_bDavis,
_c[c1966]
500 _aFirst published in this ed. in 1966.
650 2 _aNervous System -- anatomy and histology.
_xNervous System -- anatomy and histology.
_6S10922.1
650 2 _aNeurophysiology.
_6S2414.1
700 1 _aGatz, Arthur John, 1907-
_dGatz, Arthur John, 1907-
_6A47647.1
949 _aRC347
_wLC
_i-123273
_mMEDICAL
_tBOOK
_lON-SHELF
004 88228
999 _c39762
_d39762